000 00370nam a22001457a 4500
020 _a03-5000-0508
082 _a894.812.3
_bKAV/E
100 _aKAVILPPAD , A B V
245 _aERUPATHU ITHIHASA KATHAKAL
_bCHILDREN;S LITERATURE
250 _a3
260 _aTHRISSUR
_bH&C PUBLISHING HOUSE
_c2008
300 _a80
650 _aMALAYALAM SHORT STORY
_zKERALA
942 _cBK
999 _c1276
_d1276